000 01049nam0a22002651 4500
001 rc\243742
005 20260406142925.0
010 _a5-8380-0041-4
_9290
035 _a(NLR Aleph) 005498683
090 _a5284076
_c5284076
100 _a20030307d1990 |||y0rusy50 ca
101 0 _arus
102 _aRU
105 _aa |||||||||
200 1 _aМетоды получения и свойства дисперсных порошков
_eМежвуз. сб. науч. тр.
_fКаз. пед. ин-т им. Абая
_g[Редкол.: Сейтжанов А.Ф. (отв. ред.) и др.]
210 _aАлма-Ата
_cКаз. пед. ун-т
_d1990
215 _a95 с.
_cграф.
_d20
320 _aБиблиогр. в конце ст.
702 1 _aСейтжанов
_bА.Ф.
_4340
712 0 2 _aКазахский педагогический университет им. Абая
_cАлма-Ата
_3RU\NLR\AUTH\889922154
_9340325
801 0 _aRU
_bNLR
_gpsbo
801 1 _aRU
_bELAR
_2rusmarc
852 _aNLR
_j91-4/283
942 _cBOOK
980 _aNB